00625nam a2200193Ia 450000500170000000800410001704000190005804100120007708200190008910000250010824500570013326000620019030000160025244000390026850400400030765000450034770000290039285000100042120221217093255.0131103s9999 xx 000 0 und d aLoreto College aEnglish a813.3bHAW-GRO aGross,Seymour L.,ed. 2aA Scarlet letter handbookcedited by Seymour L.Gross aSan FranciscobWadsworth Publishingc1960 (1964 printing) axiv,161 p.  aWadsworth Guides To Literary Study aIncludes bibliographical references aAmerican Fiction - History and Criticism aBeebe,Maurice,series ed. aLCLIB